[Event "Qualifikationsturnier zu Staat"]
[Site "KOeflach"]
[Date "2006.09.10"]
[Round "9"]
[Board "1"]
[White "Halvax, Georg"]
[Black "Nickl, Klaus"]
[Result "0-1"]
[WhiteElo "1969"]
[BlackElo "2181"]
[PlyCount "48"]
[EventDate "2006.09.02"]
[EventRounds "9"]
[EventCountry "AUT"]

1.d3 e5 2.d4 d5 3.dxe5 Nc6 4.Nf3 f6 5.e4 Be6 6.Bb5 dxe4 7.Nd4 Qd7 8.Bxc6 bxc6
9.Nxe6 Qxe6 10.exf6 Nxf6 11.Qe2 Bd6 12.Be3 O-O 13.Nd2 Kh8 14.Bd4 c5 15.Bxf6 Qxf6
16.c3 e3 17.fxe3 Qh4+ 18.Kd1 Rf2 19.Nf3 Rxe2 20.Nxh4 Rxb2 21.Re1 Be5 22.Re2 Rd8+
23.Ke1 Bxc3+ 24.Kf1 Rxe2

[Event "Qualifikationsturnier zu Staat"]
[Site "KOeflach"]
[Date "2006.09.10"]
[Round "9"]
[Board "1"]
[White "Hatzl, Johannes"]
[Black "Wersching, Alfred"]
[Result "1/2-1/2"]
[WhiteElo "2113"]
[BlackElo "2080"]
[PlyCount "25"]
[EventDate "2006.09.02"]
[EventRounds "9"]
[EventCountry "AUT"]

1.e4 c5 2.Nf3 Nc6 3.c3 d5 4.exd5 Qxd5 5.d4 Bg4 6.Be2 cxd4 7.cxd4 e6 8.Nc3 Qa5
9.O-O Nf6 10.h3 Bh5 11.Qb3 Qb4 12.Qxb4 Bxb4 13.a3

[Event "Qualifikationsturnier zu Staat"]
[Site "KOeflach"]
[Date "2006.09.10"]
[Round "9"]
[Board "1"]
[White "Brunner, Gerhard"]
[Black "Zojer, Thomas"]
[Result "1-0"]
[WhiteElo "2027"]
[BlackElo "2088"]
[PlyCount "79"]
[EventDate "2006.09.02"]
[EventRounds "9"]
[EventCountry "AUT"]

1.e4 c5 2.b3 Nc6 3.Bb2 e5 4.Bc4 d6 5.Ne2 Nf6 6.d3 Be7 7.O-O O-O 8.Nbc3 a6 9.a4
Nd4 10.h3 g6 11.f4 Be6 12.Nxd4 exd4 13.Nd5 Nxd5 14.exd5 Bd7 15.a5 Bf6 16.Bc1 Bb5
17.Qg4 Qd7 18.f5 Rae8 19.Bxb5 axb5 20.Bh6 Qd8 21.Bxf8 Rxf8 22.fxg6 hxg6 23.a6
bxa6 24.Rxa6 Be5 25.Ra7 Qe8 26.Qd7 Qxd7 27.Rxd7 f5 28.Ra1 Rf7 29.Rxf7 Kxf7
30.Ra5 b4 31.Kf2 Kf6 32.Ra8 f4 33.Kf3 Kg5 34.Re8 Kf5 35.Re6 Kg5 36.Ke4 Kh4
37.Rxg6 Kh5 38.Re6 Kh4 39.Rxe5 dxe5 40.Kxe5

[Event "Qualifikationsturnier zu Staat"]
[Site "KOeflach"]
[Date "2006.09.10"]
[Round "9"]
[Board "1"]
[White "Holzbauer, Johannes"]
[Black "Prager, Manfred"]
[Result "1/2-1/2"]
[WhiteElo "2098"]
[BlackElo "2035"]
[PlyCount "39"]
[EventDate "2006.09.02"]
[EventRounds "9"]
[EventCountry "AUT"]

1.d4 Nf6 2.Nf3 d5 3.e3 e6 4.Bd3 Be7 5.Nbd2 Nbd7 6.c3 O-O 7.O-O c5 8.e4 dxe4
9.Nxe4 Nxe4 10.Bxe4 Nf6 11.Bc2 cxd4 12.Nxd4 Qc7 13.Qe2 a6 14.Re1 Bd6 15.g3 Re8
16.Bg5 Be7 17.Qd3 g6 18.Qf3 Nh5 19.Bxe7 Rxe7 20.Qe2